ஸ்ரீகிருஷ்ணகானம் : ஊத்துக்காடு ஸ்ரீ வெங்கடஸீப்பையர் பாடல்கள் (Record no. 339147)

MARC details
000 -LEADER
fixed length control field 00966nam a2200181Ia 4500
008 - FIXED-LENGTH DATA ELEMENTS--GENERAL INFORMATION
fixed length control field 191130s1993##################000#0#tam##
040 ## - CATALOGING SOURCE
Original cataloging agency ACL
Transcribing agency ACL
082 ## - DEWEY DECIMAL CLASSIFICATION NUMBER
Classification number 294.5422 KRI
100 ## - MAIN ENTRY--PERSONAL NAME
Personal name கிருஷ்ணமூர்த்தி பாகவதர், நீடாமங்கலம் G
245 ## - TITLE STATEMENT
Title ஸ்ரீகிருஷ்ணகானம் : ஊத்துக்காடு ஸ்ரீ வெங்கடஸீப்பையர் பாடல்கள்
Statement of responsibility, etc. தொகுத்தவர்: நீடாமங்கலம் ஸ்ரீ கிருஷ்ணமூர்த்தி பாகவதர்
250 ## - EDITION STATEMENT
Edition statement 1.பதிப்பு
260 ## - PUBLICATION, DISTRIBUTION, ETC.
Place of publication, distribution, etc. சென்னை
Name of publisher, distributor, etc. தமிழ்நாடு இயல் இசை நாடக மன்றம்
Date of publication, distribution, etc. 1993
300 ## - PHYSICAL DESCRIPTION
Extent 215 p
650 ## - SUBJECT ADDED ENTRY--TOPICAL TERM
Topical term or geographic name entry element ஆன்மீகம்
990 ## - EQUIVALENCES OR CROSS-REFERENCES [LOCAL, CANADA]
Link information for 9XX fields 669c9706ac10000c5a8ea9d2ebbb5517
991 ## -
-- 180453
Holdings
Withdrawn status Lost status Materials specified (bound volume or other part) Damaged status Not for loan Home library Current library Date acquired Total Checkouts Full call number Barcode Date last seen Price effective from Koha item type
    pbk     Anna Centenary Library Anna Centenary Library 15.10.2020   294.5422 KRI 551796 15.10.2020 15.10.2020 Tamil Books
    pbk     Anna Centenary Library Anna Centenary Library 15.10.2020   294.5422 KRI 551797 15.10.2020 15.10.2020 Tamil Books
    pbk     Anna Centenary Library Anna Centenary Library 15.10.2020   294.5422 KRI 551798 15.10.2020 15.10.2020 Tamil Books
    pbk     Anna Centenary Library Anna Centenary Library 15.10.2020   294.5422 KRI 551799 15.10.2020 15.10.2020 Tamil Books

Find us on the map